000 00646nam a2200241Ia 4500
003 OSt
005 20221007100930.0
006 a|||||r|||| 00| 0
007 ta
008 221006b |||||||| |||| 00| 0 eng d
024 _a5,477
037 _cTextual
040 _aLCO
_cLCO
_beng
041 _2eng
_aeng
082 _aZ2,2675, K1
100 _aKUSHRETHA V D
_9702314
245 0 _aTrade & merchandise marks Act, 1958
260 _aDelhi
_bEastern Book Co.
_c1961
300 _a532
650 _aTRADE & MERCHANDISE MARKS ACT
_9702315
942 _hZ2,2675, K1
_cTEXL
999 _c1175040
_d1175040